| 000 | 00930cam a2200193 4500 | ||
|---|---|---|---|
| 001 | ##L132431 | ||
| 008 | 060208n 000 0 eng u | ||
| 035 | _a(Sirsi) u132431 | ||
| 041 | 0 | _aeng | |
| 050 | 0 | 4 | _a333.0023 $2 18 |
| 110 | 2 |
_aRoyal Institution of Chartered Surveyors _94900 |
|
| 245 | 0 | 4 |
_aThe chartered surveyor _bhis training and his work |
| 260 |
_aLondon _bRoyal Institution of Chartered Surveyors _cn.d. |
||
| 300 |
_a27p. _c22cm. |
||
| 520 | _aDescribes the qualifications, duties, services and professional etiquette of the chartered surveyor. In the foreword, Winston Churchill M.P. expresses his high regard of members of the Royal Institution of Chartered Surveyors, recognising their academic and practical achievements. An appendix summarising the duties of a chartered surveyor is also included. | ||
| 690 | _aABOUT RICS-RICS MEMBERS-CHARTERED SURVEYORS | ||
| 700 | 1 | _aChurchill, Winston S. | |
| 942 | _n0 | ||
| 999 |
_c105133 _d105133 |
||